000 01542nam2a22002651 4500
001 RU\NLR\IC100\5000000766
005 20250617011646.0
035 _a(NLR Aleph) 002338522
090 _a4475298
_c4475298
100 _a20040127d1967 |||y0rusy50 ca
101 0 _arus
102 _aRU
105 _ay |||||||||
200 1 _aСборник научных трудов, посвященных Н.А.Богоразу
210 _d1967
_aБ. м.
225 1 _a...
_v[Т.24]
_i...
_v[Вып.1]
461 0 _1001RU\NLR\INFOCOMM55\1000105221
_12001#$aТруды Ростовского медицинского института$fМ-во здрав. СССР. Рост. гос. мед. ин-т$v[Т.24]
_94370966
_aРостовский на Дону медицинский институт
_cРостов н/Д.
_d1934-
_fМ-во здрав. СССР. Рост. гос. мед. ин-т
_tТруды Ростовского медицинского института
_v[Т.24]
462 0 _1001RU\NLR\IC100\5000000765
_12001#$aВосстановительная хирургия$fМ-во здрав. СССР. Рост. мед. ин-т$v[Вып.1]
_94475296
_cРостов н/Д.
_d1967-
_fМ-во здрав. СССР. Рост. мед. ин-т
_tТруды Ростовского медицинского института. - Восстановительная хирургия
_v[Вып.1]
801 1 _aRU
_bInfoComm
_c20040127
801 0 _aRU
_bNLR
_gPSBO
852 _aNLR
_j67-7/2092
942 _cISSUE
980 _aNB
980 _aRUSPER